Kinh tế học phát triển /

Những vấn đề cơ bản của kinh tế học phát triển; Các nguồn lực phát triển; Các nghành các lĩnh vực kinh tế trong phát triển; Các hình thức và cơ cấu kinh tế trong phát triển nền kinh tế quốc dân.

保存先:
書誌詳細
第一著者: Trần Văn Chử, PGS.TS.
フォーマット: 図書
言語:Vietnamese
出版事項: Hà Nội : Chính trị quốc gia, 2000.
主題:
タグ: タグ追加
タグなし, このレコードへの初めてのタグを付けませんか!
Thư viện lưu trữ: Mạng thư viện Đại học Đà Nẵng
LEADER 01145cam a2200361 i 4500
001 000047035
003 6559
005 20030924154018.0
008 010306b2000 vm 000 vie
020 |c 26000 
022 |a T 
040 |a IRC  |c IRC  |d IRC 
041 0 |a vie 
082 1 4 |a 330.1  |b TR-C 
100 1 |a Trần Văn Chử,  |c PGS.TS. 
245 0 0 |a Kinh tế học phát triển /  |c Trần Văn Chử. 
260 |a Hà Nội :  |b Chính trị quốc gia,  |c 2000. 
300 |a 380tr. ;  |c 19cm. 
520 3 |a Những vấn đề cơ bản của kinh tế học phát triển; Các nguồn lực phát triển; Các nghành các lĩnh vực kinh tế trong phát triển; Các hình thức và cơ cấu kinh tế trong phát triển nền kinh tế quốc dân. 
630 0 4 |a Phát triển. 
630 0 4 |a Kinh tế học. 
650 0 4 |a Kinh tế học. 
650 0 4 |a Kinh tế  |x Phát triển. 
OWN |a DUT 
999 |a From the UDN01 
TYP |a Monograph 
TYP |a Printed language 
980 |a Mạng thư viện Đại học Đà Nẵng